| 000 | 00911cas a22002777a 4500 | ||
|---|---|---|---|
| 005 | 20220329142121.0 | ||
| 008 | 990812d ve mr pernn 0 uub1eng d | ||
| 010 | _a78693 | ||
| 011 | _a79665 | ||
| 035 | _a90049 | ||
| 245 | 0 | 0 |
_aBoletín Informativo _c/por Academia Mexicana de Ingeniería |
| 260 | 0 |
_aMéxico, D.F. : _bAcademia Mexicana de Ingeniería _c199?-. |
|
| 300 | _av. | ||
| 310 | _aMensual | ||
| 362 | 1 | _av.11 n.8,1991. | |
| 500 | _aSe dejó de recibir a partir del v.11 n.8, 1991. | ||
| 590 |
_aBATCH-UPD _b10 _c20130110 _lUCH01 _h0406 |
||
| 590 |
_aBATCH-UPD _b10 _c20130410 _lUCH01 _h0040 |
||
| 590 |
_aBATCH-UPD _b10 _c20130914 _lUCH01 _h1639 |
||
| 590 |
_aCONVERSION _b10 _c20130109 _lUCH01 _h1344 |
||
| 650 | 1 | 4 |
_aIngeniería _xPublicaciones periódicas. _958192 |
| 866 | _av.10 n.2-9 (1990?) | ||
| 866 | _av.11 n.1-8 (1991?) | ||
| 901 | _aSE | ||
| 905 | _aMa. del Socorro Iturbe C. | ||
| 999 |
_c78693 _d78693 |
||